Biblioteca

Sanidad es una elección (Registro nro. 69116)

Detalles MARC
000 -LÍDER
Campo fijo de descripción fija 03317aam a2200373 i 4500
001 - NÚMERO DE CONTROL
Campo de control 768714001
003 - IDENTIFICADOR DEL NÚMERO DE CONTROL
Campo de control CO-MdFUSB
005 - FECHA Y HORA DE LA ULTIMA TRANSACCIÓN
control field 20231031171241.0
007 - CAMPO FIJO DE DESCRIPCIÓN FIJA--INFORMACIÓN GENERAL
Campo fijo de descripción fija ta
008 - ELEMENTOS DE LONGITUD FIJA -- INFORMACIÓN GENERAL
Campo fijo de descripción fija -- Información general 231004t20052007tnu||||g |||| 00| 0 spa d
020 ## - NÚMERO INTERNACIONAL NORMALIZADO PARA LIBROS
Número Internacional Normalizado del libro 9780825411922
040 ## - FUENTE DE CATALOGACIÓN
Agencia de catalogación original CO-MdFUSB
Idioma de catalogación spa
Agencia que realiza la transcripción CO-MdFUSB
Agencia que realiza la modificación CO-MdFUSBC
Convenciones de la descripción rda
041 ## - CÓDIGO DE IDIOMA
Código de idioma para texto/pista de sonido o título separado spa
Código de idioma original eng
082 ## - NÚMERO DE CLASIFICACIÓN DECIMAL DEWEY
Número de la edición del Dewey 23
Número de clasificación 248.4
Clave de autor-Numero de item AR786
100 ## - ASIENTO PRINCIPAL--NOMBRE PERSONAL
Nombre personal Arterburn, Stephen,
Término relacionador autor
240 ## - TITULO UNIFORME
Título uniforme <a href="Healing is a choice">Healing is a choice</a>
245 1# - TÍTULO
Título del Material Sanidad es una elección
Parte restante del título - Subtitulo : diez decisiones que transformarán su vida y diez mentiras que tratarán de alejarle de la verdad
Mención de responsabilidad, etc. / Stephen Arterburn ; traducido por Luis Bernal Lumpuy
250 ## - MENCIÓN DE EDICIÓN
Mención de edición edición en castellano
264 #1 - PRODUCCIÓN, PUBLICACIÓN, DISTRIBUCIÓN, MANUFACTURA, Y COPYRIGHT
Lugar de producción, publicación, distribución, manufactura Michigan :
Nombre del productor, publicador, distribuidor Portavoz,
Fecha de producción, publicación, distribución, manufactura, o copyright [2005]
264 #4 - PRODUCCIÓN, PUBLICACIÓN, DISTRIBUCIÓN, MANUFACTURA, Y COPYRIGHT
Fecha de producción, publicación, distribución, manufactura, o copyright ©2007
300 ## - DESCRIPCIÓN FÍSICA
Extensión 247 páginas
Dimensiones ; 22 cm
336 ## - TIPO DE CONTENIDO
Fuente rdacontent
Término de tipo de contenido texto
Código de tipo de contenido txt
337 ## - TIPO DE MEDIO
Fuente rdamedia
Nombre del tipo de medio sin mediación
Código del tipo de medio n
338 ## - TIPO DE SOPORTE
Fuente rdacarrier
Nombre del tipo de soporte volumen
Código Tipo de soporte nc
505 ## - NOTA DE CONTENIDO
Nota de contenido con formato preestablecido Capítulo 1. La primera elección: la decisión de relacionar su vida -- La primera gran mentira: "lo único que necesito para sanarme es solo Dios y yo" -- Capítulo 2. La segunda elección: La decisión de sentir su vida -- La segunda gran mentira: "los verdaderos cristianos deben tener genuina paz en todas las circunstancias" -- Capítulo 3. La tercera elección: La decisión de analizar su vida en la búsqueda de la verdad -- La tercera gran mentira: "no hace ningún bien mirar al pasado o mirar hacia dentro" -- Capítulo 4. La cuarta elección: La decisión de sanar su futuro -- La cuarta gran mentira: "el tiempo sana todas las heridas" --Capítulo 5. La quinta elección: La decisión de ayudar a su vida -- La quinta gran mentira: "puedo resolver esto solo" -- Capítulo 6. La sexta elección: La decisión de aceptar su vida -- la sexta gran mentira: "si actúa como si no hubiera problema alguno, con el tiempo no lo habrá" -- Capítulo 7. La séptima elección: La decisión de perdonar --La séptima gran mentira: "el perdón es solo para quienes lo merecen o lo ganan" -- Capítulo 8. La octava elección: La decisión de arriesgar su vida -- La octava gran mentira: "debo protegerme de más dolor" -- Capítulo 9. La novena elección: La decisión de servir -- La novena gran mentira: "hasta que me sienta totalmente sano y fuerte, no hay lugar alguno para que yo sirva a Dios" -- Capítulo 10. La décima elección: La decisión de perseverar -- La décima gran mentira: "no me queda ninguna esperanza" -- Capítulo 11. Ultimas ideas acerca de la sanidad.
520 ## - NOTA DE RESUMEN, ETC.
Nota de sumario, etc. ¿Desea sentirse bien?<br/>El poder de curar - física, mental, espiritual y emocionalmente - está en las manos de Dios. Pero la elección de ser sanado es suya. Cada persona, en un cierto nivel, necesita ser sanada. Quizás ha orado pidiendo sanidad por mucho tiempo, incluso por muchos años. Tal vez ha vivido con su quebranto por tanto tiempo ya que se ha acostumbrado a él. Quizá se pregunta cuando Dios le va a quitar todo esto que lo abruma. Dios puede hacerlo, pero usted también debe elegir dejar el mal que le afecta y permitir que comience la sanidad.
563 ## - NOTA DE ENCUADERNACIÓN
Nota de encuadernación Rústico
650 #0 - ASIENTO SECUNDARIO DE MATERIA - TERMINO TEMÁTICO
9 (RLIN) 19
Término temático o nombre geográfico como elemento de entrada Vida cristiana
653 ## - TÉRMINO DE INDIZACIÓN - NO CONTROLADO
Término no controlado Toma de decisiones
653 ## - TÉRMINO DE INDIZACIÓN - NO CONTROLADO
Término no controlado Aspectos religiosos Cristianismo
700 ## - ASIENTO SECUNDARIO - NOMBRE PERSONAL
9 (RLIN) 4774
Nombre personal Bernal Lumpuy, Luis.
Responsabilidad traductor
942 ## - TIPO DE MATERIAL (KOHA)
Tipo de Item KOHA Libros General
945 ## - INFORMACIÓN LOCAL DEL REGISTRO
Catalogador sor1564
Existencias
Estado de Material Estado de Perdido Forma de Clasificación Estado de Dañado No para Préstamo Colección Biblioteca de Origen Biblioteca Permanente Fecha de Adquisición Área Total de Préstamos Signatura Topográfica Código de Barras Última vez visto Ejemplar/Existencia Fecha de Remplazo Tipo de Material
    Dewey Decimal Classification     Colección General Biblioteca FUSBC Biblioteca FUSBC 04/10/2023 CIENCIA Y HUMANIDADES   G 248.4 AR786s 22494 04/10/2023 Ej. 1 04/10/2023 Libros General

Biblioteca FUSBC | Teléfono: (57+4) 349 88 10 Ext. 141| WhatsApp (+57) 3005338115 
E-mail: biblioteca@unisbc.edu.co | Calle 76 87-14 Robledo Palenque, Medellín, Colombia

Con tecnología Koha